[Event "Titled Tuesday intern op 23rd Apr Late"]
[Site "Chess.com INT"]
[Date "2024.04.23"]
[Round "4"]
[White "Shevchuk, Olexandr"]
[Black "Gelman, Alexander"]
[Result "0-1"]
[WhiteElo "2093"]
[BlackElo "2403"]
[PlyCount "120"]
[EventDate "2024.04.23"]
[EventType "swiss (blitz)"]
[EventRounds "11"]
[EventCountry "USA"]
[SourceTitle "CB18_2024"]
[SourceDate "2024.05.01"]
[SourceVersion "1"]
[SourceVersionDate "2024.05.01"]
[SourceQuality "2"]

1. d4 c5 2. d5 Nf6 3. Nf3 e6 4. c4 b5 5. dxe6 fxe6 6. cxb5 a6 7. bxa6 Bxa6 8. g3 Nc6 9. Bg2 d5 10. 0-0 Bd6 11. Nc3 0-0 12. Bg5 h6 13. Bxf6 Qxf6 14. Nxd5 exd5 15. Qxd5+ Kh8 16. Qxc6 Bxe2 17. Rfe1 Bxf3 18. Bxf3 Qxf3 19. Qxd6 Qxf2+ 20. Kh1 Rad8 21. Qe6 Rd2 22. Qh3 Qf3+ 23. Kg1 Qd5 24. Rf1 Qd4+ 25. Kh1 Qe4+ 26. Kg1 Re8 27. Rf4 Qe3+ 28. Kh1 Qd3 29. Qf5 Qe2 30. Qh3 Rxb2 31. Raf1 Qe5 32. Rf8+ Rxf8 33. Rxf8+ Kh7 34. Qf5+ Qxf5 35. Rxf5 c4 36. Rc5 Rc2 37. a4 c3 38. a5 Ra2 39. Rxc3 Rxa5 40. Kg2 Kg6 41. Rc6+ Kh7 42. Kh3 Ra2 43. Rb6 Rc2 44. Rd6 h5 45. Rb6 g6 46. Rb4 Kh6 47. Rb5 Rd2 48. Rc5 Kg7 49. Rb5 Kf6 50. Rc5 g5 51. Rc6+ Kf5 52. Rc5+ Kg6 53. Rc6+ Kf7 54. Rc5 Kf6 55. Rc6+ Ke5 56. Rc5+ Rd5 57. Rc8 Rd2 58. Re8+ Kf6 59. Rc8 g4+ 60. Kh4 Rxh2# 0-1

[Event "Titled Tuesday intern op 02nd Apr Early"]
[Site "Chess.com INT"]
[Date "2024.04.02"]
[Round "4"]
[White "Bellahcene, Bilel"]
[Black "Shevchuk, Olexandr"]
[Result "1-0"]
[WhiteElo "2519"]
[BlackElo "2093"]
[PlyCount "93"]
[EventDate "2024.04.02"]
[EventType "swiss (blitz)"]
[EventRounds "11"]
[EventCountry "USA"]
[SourceTitle "CB15_2024"]
[SourceDate "2024.04.10"]
[SourceVersion "1"]
[SourceVersionDate "2024.04.10"]
[SourceQuality "1"]

1. e4 e6 2. d4 d5 3. e5 c5 4. c3 Nc6 5. g3 Qb6 6. Ne2 Bd7 7. Bh3 Rc8 8. 0-0 Na5 9. dxc5 Qc7 10. b4 Nc4 11. f4 a5 12. Na3 Nxa3 13. Bxa3 Bb5 14. Nd4 Bxf1 15. Bxf1 Ne7 16. Qa4+ Nc6 17. b5 Nxd4 18. cxd4 b6 19. Rc1 Qd8 20. Bd3 Be7 21. Kg2 g6 22. h4 h5 23. Qc2 Kf8 24. Bxg6 fxg6 25. Qxg6 Qd7 26. c6 Qe8 27. Qf6+ Kg8 28. Bxe7 Qf7 29. c7 Qxf6 30. Bxf6 Rh7 31. Bd8 Rd7 32. Rc6 Kf7 33. Kf3 a4 34. a3 Rdxd8 35. cxd8Q Rxd8 36. Rxb6 Rc8 37. Rc6 Ra8 38. Ke3 Ra5 39. Rc5 Ke7 40. Kd3 Kd7 41. Kc3 Ra8 42. Kb4 Rg8 43. Rc3 Ra8 44. b6 Rb8 45. Kb5 Kd8 46. Rc7 Ke8 47. Rh7 1-0

[Event "Titled Tuesday intern op 02nd Apr Late"]
[Site "Chess.com INT"]
[Date "2024.04.02"]
[Round "9"]
[White "Rohwer, Paul"]
[Black "Shevchuk, Olexandr"]
[Result "1-0"]
[WhiteElo "2225"]
[BlackElo "2093"]
[PlyCount "89"]
[EventDate "2024.04.02"]
[EventType "swiss (blitz)"]
[EventRounds "11"]
[EventCountry "USA"]
[SourceTitle "CB15_2024"]
[SourceDate "2024.04.10"]
[SourceVersion "1"]
[SourceVersionDate "2024.04.10"]
[SourceQuality "1"]

1. e4 c6 2. d4 d5 3. Nc3 dxe4 4. Nxe4 Nf6 5. Nxf6+ exf6 6. Nf3 Bd6 7. Be2 0-0 8. 0-0 Re8 9. h3 Nd7 10. c4 Nf8 11. Bd3 Be6 12. Qc2 Qc7 13. Rd1 Rad8 14. Be3 Bf4 15. Bxf4 Qxf4 16. Qd2 Qc7 17. Rac1 Ng6 18. d5 Bd7 19. Bxg6 fxg6 20. d6 Qb6 21. c5 Qa6 22. b3 b6 23. b4 Qa4 24. Nd4 Rb8 25. Re1 bxc5 26. Rxe8+ Rxe8 27. bxc5 Re4 28. Nf3 Qb5 29. Qc2 Re2 30. Qb3+ Qxb3 31. axb3 Rb2 32. Nd4 Rd2 33. Nf3 Rd3 34. b4 Rb3 35. Rc4 Kf7 36. Nd4 Rb1+ 37. Kh2 Ke8 38. Nc2 a6 39. Re4+ Kd8 40. Re7 Bf5 41. Nd4 Bd7 42. Rxg7 Rxb4 43. Rg8+ Be8 44. Nxc6+ Kd7 45. Nxb4 1-0

[Event "Titled Tuesday intern op 12th Mar Late"]
[Site "Chess.com INT"]
[Date "2024.03.12"]
[Round "5"]
[White "Grabinsky, Vladimir"]
[Black "Shevchuk, Olexandr"]
[Result "1-0"]
[WhiteElo "2192"]
[BlackElo "2093"]
[PlyCount "103"]
[EventDate "2024.03.12"]
[EventType "swiss (blitz)"]
[EventRounds "11"]
[EventCountry "USA"]
[SourceTitle "CB12_2024"]
[SourceDate "2023.10.01"]
[SourceVersion "1"]
[SourceVersionDate "2023.10.01"]
[SourceQuality "1"]

1. e4 c6 2. d4 d5 3. e5 c5 4. dxc5 Nc6 5. Nf3 Bg4 6. h3 Bxf3 7. Qxf3 Nxe5 8. Bb5+ Nc6 9. c4 e6 10. Be3 Nf6 11. Nc3 Be7 12. Rd1 Qa5 13. 0-0 a6 14. cxd5 Nxd5 15. Bxc6+ bxc6 16. Ne4 0-0 17. a3 Rab8 18. Rd2 Rb3 19. Rfd1 Nxe3 20. fxe3 Bxc5 21. Nxc5 Qxc5 22. Kf2 h6 23. Qe4 Qf5+ 24. Qxf5 exf5 25. Rc1 Rfb8 26. Rxc6 Rxb2 27. Rxb2 Rxb2+ 28. Kf3 a5 29. Rc5 a4 30. Rc4 g5 31. Rxa4 Kg7 32. Ra6 Rb3 33. Kf2 f6 34. g4 f4 35. exf4 Rxh3 36. f5 Rh2+ 37. Kg3 Ra2 38. Ra7+ Kg8 39. a4 Ra3+ 40. Kf2 h5 41. gxh5 Rh3 42. a5 Rxh5 43. a6 Rh2+ 44. Kg3 Ra2 45. Kg4 Ra5 46. Kh5 Rxf5 47. Kg6 Kf8 48. Kxf5 Ke8 49. Kxf6 g4 50. Rg7 g3 51. a7 g2 52. a8Q# 1-0

[Event "Titled Tuesday intern op 12th Mar Late"]
[Site "Chess.com INT"]
[Date "2024.03.12"]
[Round "9"]
[White "Perske, Thore"]
[Black "Shevchuk, Olexandr"]
[Result "1-0"]
[WhiteElo "2450"]
[BlackElo "2093"]
[PlyCount "69"]
[EventDate "2024.03.12"]
[EventType "swiss (blitz)"]
[EventRounds "11"]
[EventCountry "USA"]
[SourceTitle "CB12_2024"]
[SourceDate "2023.10.01"]
[SourceVersion "1"]
[SourceVersionDate "2023.10.01"]
[SourceQuality "1"]

1. e4 c6 2. d4 d5 3. e5 c5 4. dxc5 Nc6 5. a3 Nxe5 6. b4 e6 7. Bb2 Nc6 8. Nf3 a5 9. Bb5 Bd7 10. Bxc6 Bxc6 11. 0-0 Nf6 12. Ne5 Qc7 13. Nd2 Be7 14. Nb3 axb4 15. axb4 0-0 16. Re1 b6 17. Nd4 Rxa1 18. Qxa1 Ba8 19. Nb5 Qb7 20. c6 Qc8 21. c3 Ne4 22. f3 Nd6 23. Nd4 Nc4 24. Nxc4 dxc4 25. b5 Bc5 26. Qa4 Re8 27. Kf1 e5 28. Ne2 Qf5 29. Qxc4 Qh5 30. h3 e4 31. Ng3 Qh4 32. Rxe4 Qxg3 33. Rxe8+ Bf8 34. Qb4 Qb8 35. Qxf8# 1-0

[Event "Titled Tuesday intern op 13th Feb Early"]
[Site "Chess.com INT"]
[Date "2024.02.13"]
[Round "2"]
[White "Shevchuk, Olexandr"]
[Black "Murthy, Pappu LN"]
[Result "1-0"]
[WhiteElo "2093"]
[BlackElo "1821"]
[PlyCount "89"]
[EventDate "2024.02.13"]
[EventType "swiss (blitz)"]
[EventRounds "11"]
[EventCountry "USA"]
[SourceTitle "CB08_2024"]
[SourceDate "2024.02.21"]
[SourceVersion "1"]
[SourceVersionDate "2024.02.21"]
[SourceQuality "1"]

1. d4 Nf6 2. c4 c5 3. d5 b5 4. cxb5 a6 5. bxa6 g6 6. Nc3 Bg7 7. g3 0-0 8. Bg2 d6 9. Nf3 Nxa6 10. 0-0 Bf5 11. h3 Nb4 12. Ne1 Qa5 13. Bd2 Rfb8 14. a3 Na6 15. b3 Ne8 16. e4 Nec7 17. Qc2 Bd7 18. Nd3 Nb5 19. Nxb5 Qxb5 20. Rab1 Rc8 21. Rfc1 Nc7 22. a4 Qa6 23. Bf1 Qa7 24. Bc3 Bxc3 25. Qxc3 Ne8 26. Nb2 Nf6 27. Qc2 h5 28. Nc4 Rcb8 29. Kg2 Qb7 30. Bd3 Qc8 31. h4 Bg4 32. f3 Bh3+ 33. Kf2 Bd7 34. Qc3 Qc7 35. Re1 e6 36. Qxf6 exd5 37. exd5 Ra6 38. Re7 Rf8 39. Bxg6 Be8 40. Rxc7 Ra8 41. Re1 Rd8 42. Rxe8 Rdxe8 43. Bxf7+ Rxf7 44. Qxf7+ Kh8 45. Qg7# 1-0